| 000 | 00588nam a22001937a 4500 | ||
|---|---|---|---|
| 999 |
_c169833 _d169833 |
||
| 005 | 20191205145148.0 | ||
| 010 | _aA-277108 | ||
| 020 |
_c25.00 _a- |
||
| 035 | _aA-277108 | ||
| 037 | _bBPPD | ||
| 082 | _a270.4 | ||
| 100 | _aا بو النو ر محمد بشير | ||
| 245 |
_aخطبا ت _cا بو النو ر محمد بشير |
||
| 246 |
_aKhutbaat _bby Abuul Noor Mohd.Bashir |
||
| 260 |
_aDelhi _c1987 ء _bMehal Publications |
||
| 270 |
_a1397,Pahari Imli,Jama Masjid _bDelhi _k- _e- |
||
| 300 |
_a336 ص _c22 cm(hb) |
||
| 942 |
_2ddc _cUR _h270.4 _mا ب و |
||